| 000 | 00000nam##2200000za#4500 |
| 001 | 9.676766 |
| 003 | CaOODSP |
| 005 | 20250206125413 |
| 007 | cr ||||||||||| |
| 008 | 150407|2012||||xxc|||||o f|0| 0 fre|d |
| 040 | |aCaOODSP|bfre |
| 041 | |aeng |
| 041 | |afre |
| 043 | |an-cn--- |
| 086 | 1 |aA104-101/2012-PDF |
| 110 | 2 |aAgence canadienne d'inspection des aliments. |
| 245 | 13|aLa science à l'oeuvre pour des produits alimentaires sécuritaires |h[ressource électronique] |
| 260 | |aOttawa - Ontario : |bAgence canadienne d'inspection des aliments |cc2012. |
| 300 | |a1p. |
| 500 | |aLe n° de catalogue (A104-101/2012) et l'ISBN (978-1-100-54217-1) de l'édition imprimée bilingue ont été copiés dans l'édition électronique. |
| 590 | |a14-17-Supp|b2014-10-09 |
| 691 | 07|aSécurité alimentaire|2gcpds |
| 691 | 07|aRecherche scientifique|2gcpds |
| 791 | |tScience at work for food safety |eeng|w(CaOODSP)9.676765 |
| 856 | 40|ahttp://publications.gc.ca|qPDF|s423 Ko|uhttps://publications.gc.ca/collections/collection_2014/acia-cfia/A104-101-2012.pdf |
| 986 | |aACIA P0820-12 |